00538nam a2200145Ia 4500008004100000100001900041245006200060250001200122260002800134300000800162650000800170942001200178999001100190952019100201191201s2009 xx 000 0 und d aSINHA, P. R. N 0aIndustrial Relations, Trade Unions and Labour Legislation aIMP 5th aN. DelhibPearsonc2009 a632 aBBA 2ddccBK c43d43 00102ddc40708BBAaPIETbPIETd2014-02-24eDonated by Parul Gupta MBAkDonated by Parul Gupta MBAl0o331.1 SIIp22992r2019-12-04 00:00:00w2014-02-21yBKzDonated by Parul Gupta MBA